000 00663nam a2200229 a 4500
999 _c1322
_d1322
001 8876
003 BD-DhUAP
005 20200205144145.0
008 200204s1996 ii b 1 00eng eng d
020 _a8120310004
040 _aBD-DhUAP
_cBD-DhUAP
_bEng
_dBD-DhUAP
082 0 0 _223
_a342.54 BAS
100 _aDas, Basu Durga.
245 _aShorter constitution of India /
_cBasu Durga Das.
250 _a12th ed.
260 _aNew Delhi :
_bPrentice hall,
_cc1996.
300 _axcii, 1402 pages ;
_c24 cm.
500 _aIncludes index.
650 0 _aConstitutional law
_zIndia.
_96989
942 _2ddc
_cBK
_04